00454nam a2200181 a 45000010005000000030009000050080041000140200015000550400028000700820011000981000030001092450016001392500006001552600044001613000011002054900024002166500032002408575CO-ViMGA141112s2004 ck r 000 u spa d a9800105166 aCO-ViMGAbspacCO-ViMGA04aV863.61 aBriceño iragorry, Mario10aLos Riberas a1 aCaracas, cmonte avila editores, c1991 a656 p. acoleccion el dorado14aNOVELA HISTORICA VENEZOLANA